000 00897nam a22002537a 4500
005 2010080704054.0
010 _aENG-98894
020 _a9788186307212
_c450.00
035 _aEN-82426
037 _bDBAD/PUB
082 _a338.9
245 _aGlobalization and the state /
_cedited by Mrigendra Narayan Das [and] Manjula Dowerah Bhuyan
260 _aGuwahati
_bDVS Publishers
_c2010
270 _aH.B. Road, Panbazar
_bGuwahati
_e781001
300 _axvi,193p.
_c23cm (Hb)
500 _aIncludes index
650 _aEconomic development
_91374
650 _aEconomic policy
_91373
650 _aState
_98865
700 _aDas, Mrigendra Narayan
_98866
700 _aBhuyan, Manjula Dowerah
_98867
942 _2ddc
_cEN
_h338.9
_mGLO
999 _c40181
_d40181